Sons and lovers : (Record no. 96379)

MARC details
000 -LEADER
fixed length control field 00869nam a22002417a 4500
005 - DATE AND TIME OF LATEST TRANSACTION
control field 20160502105902.0
010 ## - LCCN (DPL NO)
LC control number 1516ENO7 ENG-114969
020 ## - INTERNATIONAL STANDARD BOOK NUMBER
International Standard Book Number 9788186423608
Terms of availability 225.00
035 ## - SYSTEM CONTROL NUMBER
System control number EN-98501
035 ## - SYSTEM CONTROL NUMBER
System control number B-610755-768
037 ## - SOURCE OF ACQUISITION
Stock number dpl
Source of stock number/acquisition UBH/Ven
037 ## - SOURCE OF ACQUISITION
Source of stock number/acquisition DBAD/PUB
082 ## - DEWEY DECIMAL CLASSIFICATION NUMBER
Classification number 883.08
100 ## - MAIN ENTRY--PERSONAL NAME
Personal name Lawrence,D.H.
245 ## - TITLE STATEMENT
Title Sons and lovers :
Statement of responsibility, etc by D.H. Lawrence ; edited by Ashok Celly
Remainder of title with introduction, annotations & critical essays /
260 ## - PUBLICATION, DISTRIBUTION, ETC. (IMPRINT)
Place of publication, distribution, etc Delhi
Name of publisher, distributor, etc Worldview Publications
Date of publication, distribution, etc 2015
270 ## - ADDRESS
Address 58 U.B.,Bungalow Road,
City Delhi
Postal code 110007
300 ## - PHYSICAL DESCRIPTION
Extent xxvi,510p.
Dimensions 22cm(pbk)
500 ## - GENERAL NOTE
General note Includes bibliographical references
700 ## - ADDED ENTRY--PERSONAL NAME
Personal name Celly Ashok
942 ## - ADDED ENTRY ELEMENTS (KOHA)
Source of classification or shelving scheme Dewey Decimal Classification
Item type English Books
Call number suffix LAW
Classification part 883.08
Holdings
Withdrawn status Lost status Not for loan Collection code Home library Current library Date acquired Source of acquisition Cost, normal purchase price Full call number Barcode Copy number Cost, replacement price Koha item type
      Fiction Ashok Vihar Ashok Vihar 19/02/2016 DBAD/PUB 225.00 883.08 LAW EN-98501 1 225.00 English Books
      Non-fiction Bawana Bawana 02/05/2016 080/1.10.2015/145/16.9.2015/28.10.2015 225.00 883.08 LAW B-610766 1 225.00 English Books
      Non-fiction Bawana Bawana 02/05/2016 080/1.10.2015/145/16.9.2015/28.10.2015 225.00 883.08 LAW B-610768 1 225.00 English Books
      Non-fiction Central Library Central Library 02/05/2016 080/1.10.2015/145/16.9.2015/28.10.2015 225.00 883.08 LAW B-610755 1 225.00 English Books
    Not For Loan Reference Central Library Central Library 02/05/2016 080/1.10.2015/145/16.9.2015/28.10.2015 225.00 883.08 LAW B-610756 1 225.00 English Books
      Non-fiction Janak Puri Janak Puri 02/05/2016 080/1.10.2015/145/16.9.2015/28.10.2015 225.00 883.08 LAW B-610760 1 225.00 English Books
      Non-fiction Kasturba Gandhi Marg Kasturba Gandhi Marg 02/05/2016 080/1.10.2015/145/16.9.2015/28.10.2015 225.00 883.08 LAW B-610758 1 225.00 English Books
      Non-fiction Narela Narela 02/05/2016 080/1.10.2015/145/16.9.2015/28.10.2015 225.00 883.08 LAW B-610767 1 225.00 English Books
      Non-fiction Patel Nagar Patel Nagar 02/05/2016 080/1.10.2015/145/16.9.2015/28.10.2015 225.00 883.08 LAW B-610757 1 225.00 English Books
      Non-fiction Peshwa Road Peshwa Road 02/05/2016 080/1.10.2015/145/16.9.2015/28.10.2015 225.00 883.08 LAW B-610759 1 225.00 English Books
      Non-fiction Qila Rai Pithora Qila Rai Pithora 02/05/2016 080/1.10.2015/145/16.9.2015/28.10.2015 225.00 883.08 LAW B-610764 1 225.00 English Books
      Non-fiction R.K.Puram-8 R.K.Puram-8 02/05/2016 080/1.10.2015/145/16.9.2015/28.10.2015 225.00 883.08 LAW B-610762 1 225.00 English Books
      Non-fiction Sarojini Nagar Sarojini Nagar 02/05/2016 080/1.10.2015/145/16.9.2015/28.10.2015 225.00 883.08 LAW B-610761 1 225.00 English Books
      Non-fiction Sriniwas Puri Sriniwas Puri 02/05/2016 080/1.10.2015/145/16.9.2015/28.10.2015 225.00 883.08 LAW B-610763 1 225.00 English Books
      Non-fiction Vinoba Puri Vinoba Puri 02/05/2016 080/1.10.2015/145/16.9.2015/28.10.2015 225.00 883.08 LAW B-610765 1 225.00 English Books

© Delhi Public Library
Hit Counter
free hit counter